000 00742nam a22002657a 4500
003 CHAP
005 20220329135743.0
008 971013s1990 r 00010 d
010 _a41527
011 _a42499
035 _a46628
040 _cCHAP
082 _a635.93362
_bC6
100 0 0 _aCox, Peter.
_928754
245 _aCox's guide to choosing rhododendrons
260 _aLondon :
_bBatsford,
_c1990
300 _a176 p.
_b: ilus.
590 _aBATCH-UPD
_b10
_c20130110
_lUCH01
_h2024
590 _aCONVERSION
_b10
_c20130109
_lUCH01
_h1323
650 1 4 _aRhododendron.
_997161
700 0 _aCox, Kenneth.
_928750
901 _aBK
942 _cLIBRO
949 _a635.93362 C6
_bBC
_cC
_d33724000615993
_eC
_gI.c/e
_h88733
_i46628
_si
_t98.94
999 _c41527
_d41527